| 000 | 00839 a2200217 4500 | ||
|---|---|---|---|
| 003 | Nust | ||
| 005 | 20221006150254.0 | ||
| 010 | _a 2011010940 | ||
| 020 | _a0470255609 (hardback) | ||
| 020 | _a9780470255605 (hardback) | ||
| 035 | _a(OCoLC)ocn671701597 | ||
| 040 | _cNust | ||
| 082 | 0 | 0 | _a623.446,ALA |
| 100 | 1 |
_aMcAulay, Alastair D. _999345 |
|
| 245 | 1 | 0 |
_aMilitary laser technology for defense : _btechnology for revolutionizing 21st century warfare / _cAlastair D. McAulay. |
| 260 |
_aHoboken, N.J. : _bWiley, _cc2011. |
||
| 300 |
_axvii, 305 p. : _bill. ; _c25 cm. |
||
| 505 | _a Part 1: Optics Technology For Defense Systems (Page-1), Part 2: Laser Technology for Defense Systems (Page-125), Part 3: Applications to Protect Against Military Threats (Page-205). | ||
| 650 | 0 | _aTelecommunication Engineering | |
| 942 |
_cREF _2ddc |
||
| 999 |
_c189238 _d189238 |
||